00321nam a2200121Ia 4500008004100000041000800041082001800049100002300067245003800090260003300128300003100161365000700192240624s9999 xx 000 0 und d aeng a658.80954 CHA aCHAGANTI SUBBA RAO aPHARMACEUTICAL MARKETING IN INDIA c2005aNew DelhibExcel Books axiv, : 408 : p. : cm. ; 24 cRS